| 000 | 00880nam0a22002531 4500 | ||
|---|---|---|---|
| 001 | rc\2996128 | ||
| 005 | 20250806200452.0 | ||
| 035 | _a(NLR Aleph) 007139850 | ||
| 090 |
_a69485 _c69485 |
||
| 100 | _a20110917d1945 u y0rusy50 ca | ||
| 101 | 0 | _arus | |
| 102 | _aRU | ||
| 105 | _aac z ||||| | ||
| 200 | 1 |
_aКостер на мысу _eРассказы таганрог. подпольщиков _fА. Елагина |
|
| 210 |
_a[Москва] _cизд-во и ф-ка юнош. книги изд-ва "Мол. гвардия" _d1945 |
||
| 215 |
_a108 с. _cил., портр. _d20 см |
||
| 700 | 1 |
_aЕлагина _bА.Г. _gАнна Григорьевна |
|
| 801 | 0 |
_aRU _bNLR _gpsbo |
|
| 801 | 1 |
_aRU _bELAR _2rusmarc |
|
| 852 |
_aNLR _jИр50 Г-3/49 |
||
| 942 | _cBOOK | ||
| 945 | _aРоссийская национальная библиотека | ||
| 980 | _aNB | ||
| 980 | _aBV | ||